Die Geschichte der englischen Arbeit

Salvato in:
Dettagli Bibliografici
Natura: Libro
Lingua:tedesco
Pubblicazione: Stuttgart J. H. W. Dietz 1896
Tags: Aggiungi Tag
Nessun Tag, puoi essere il primo ad aggiungerne!!

MARC

LEADER 00000nam a2200000 4500
001 0304332
005 20240926084522.8
041 0 |a ger 
044 |a DE 
245 1 0 |a Die Geschichte der englischen Arbeit  |c J. E. Thorold Rogers 
264 1 |a Stuttgart  |b J. H. W. Dietz  |c 1896